000 00621nam a2200205 i 4500
001 142457
003 ES-MaACL
005 20230906200527.0
007 t|
008 071005s1968 sp af |||| | spa d
100 1 _aVillagran, Federico.
_9114925
245 1 3 _aEl coto de Doñana /
_cFederico Villagran.
260 _aMadrid :
_bPublicaciones Españolas,
_c1968.
300 _a30 p., [8] p. de lám. :
_bil. ;
_c24 cm.
490 1 _aTemas españoles ;
_v485
651 4 _aParque Nacional de Doñana.
_9163111
830 0 _aTemas españoles ;
_v485
_9178712
852 _aES-MaACL
_j2062-F-33
999 _c142457
_d142457